| 000 | 00886nam a2200253 a 4500 | ||
|---|---|---|---|
| 001 | |||
| 003 | DO-SdBNP | ||
| 005 | 20211013110359.0 | ||
| 008 | 111108s2011 dr 000 0 spa d | ||
| 020 | _a9789945164145 | ||
| 040 |
_aDO-SdBNP _bspa _cBPMSU |
||
| 082 |
_a302.5 _bD919c 2011 _222 |
||
| 100 | 1 |
_aDunker L., José, _d1943- _99 |
|
| 245 | 1 | 0 |
_aCultura del tigueraje en República Dominicana : _bpropuesta para una revolución cultural / _cJosé Dunker. |
| 260 |
_aSanto Domingo : _bBúho, _c2011. |
||
| 300 |
_a165 p. ; _c23 cm. |
||
| 500 | _aIncluye datos biográficos del autor en la solapa de la cubierta | ||
| 504 | _aBibliografía : p. 155-163. | ||
| 590 | _aInventariado, 2021/VM | ||
| 650 | 4 |
_aPsicología social _zRepública Dominicana _xEnsayos, conferencias, etc. |
|
| 651 | 4 |
_aRepública Dominicana _xCondiciones Sociales |
|
| 910 | _aVMateo V. | ||
| 942 |
_2ddc _cBK |
||
| 999 |
_c13791 _d13791 |
||